Top 10 Państw które najmniej lubią USA - Statystyki

Ogólne statystyki
  • Ten quiz został rozwiązany 428 razy
  • Średni wynik to 6 z 10
Statystyki odpowiedzi
Relacje Odpowiedź % Poprawnych
-60 Rosja
96%
-60 Chiny
91%
-90 Korea Północna
85%
-90 Iran
82%
-30 Białoruś
61%
-50 Syria
57%
-30 Kuba
52%
-30 Wietnam
45%
-30 Turcja
41%
-50 Wenezuela
36%
Nie znaleziono quizów pasujących do podanych kryteriów
Rozkład punktacji
Procent ludzi z każdym wynikiem
Percentyl według liczby udzielonych odpowiedzi
Twoja historia wyników
Nie rozwiązałeś tego quizu